| 000 | 00620nam a2200157 i 4500 | ||
|---|---|---|---|
| 001 | 177804 | ||
| 003 | ES-MaACL | ||
| 005 | 20230906220422.0 | ||
| 008 | 110427s1966 sp |||| | spa d | ||
| 100 | 1 |
_aLlopis Lladó, Noel. _972839 |
|
| 245 | 1 | 0 |
_aSant Maurici, Els Encantats, Peguera, Bassiero, Les Crabes, Subenulls, Mainera _b: guía cartográfica, excursiones y escaladas / _cpor N. Llopis Lladó ; aportaciones complementarias de R. Vila Blanch. |
| 260 |
_aGranollers : _bAlpina, _c[1966] |
||
| 300 |
_a29 p., 1 map. pleg. ; _c16 cm. |
||
| 700 | 0 |
_aVila Blanch, Rosendo. _9114713 |
|
| 852 |
_aES-MaACL _j2051-F-23 |
||
| 999 |
_c177804 _d177804 |
||